| 000 | 00807nam a2200253 i 4500 | ||
|---|---|---|---|
| 999 |
_c200443911 _d62123 |
||
| 003 | TR-AnTOB | ||
| 005 | 20221117100519.0 | ||
| 007 | ta | ||
| 008 | 210928s1991 tu 000 0 tur d | ||
| 040 |
_aTR-AnTOB _beng _erda _cTR-AnTOB |
||
| 041 | 0 | _atur | |
| 050 | 1 | 4 |
_aHG5706.5.I88 _bİ96 1991 |
| 090 |
_aTOBBK HG5706.5.I88 _bİ96 1991 |
||
| 245 | 0 | 0 |
_aİzmir Ticaret Borsası kayıt ve tescil işlemleri klavuzu / _bİzmir Ticaret Borsası. |
| 264 | 1 |
_aİzmir : _bİzmir Ticaret Borsası, _c1991. |
|
| 300 |
_a16 pages ; _c20 cm |
||
| 336 |
_atext _btxt _2rdacontent |
||
| 337 |
_aunmediated _bn _2rdamedia |
||
| 338 |
_avolume _bnc _2rdacarrier |
||
| 650 | 7 |
_aTicaret borsaları _zTürkiye _2etuturkob _919364 |
|
| 942 |
_2z _cBK |
||